Statistiques concernant Devinez le créateur (chaussures)

Cliquez ici pour prendre le quiz!

Statistiques générales

  • Ce quiz a été pris 10 fois
  • Le résultat moyen est 11 sur 32

Statistiques - réponses

Réponse% Correct
Chanel
100%
Christian Louboutin
100%
Christian Dior
88%
Gucci
88%
Manolo Blahnik
63%
Prada
63%
Versace
63%
Yves Saint Laurent
63%
Balenciaga
50%
Diesel
50%
Alexander McQueen
38%
Givenchy
38%
Loewe
38%
Miu Miu
38%
Fendi
25%
Jacquemus
25%
Jean Paul Gaultier
25%
Moschino
25%
Schiaparelli
25%
Martin Margiela
13%
Mugler
13%
Valentino
13%
Vivienne Westwood
13%
Acne Studios
0%
Alaia
0%
Avavav
0%
Balmain
0%
Dolce & Gabbana
0%
Giuseppe Zanotti
0%
Iris Van Herpen
0%
Marc Jacobs
0%
Rick Owens
0%

Distribution des résultats

Percentile par nombre de réponses

% des personnes avec chaque résultat

Votre développement - résultats

Vous n’avez pas pris ce quiz